[Event "DVM U16 2003"]
[Site "Greifswald GER"]
[Date "2003.12.29"]
[Round "5"]
[White "Kirch, Daniel"]
[Black "Nikol, Christoph"]
[Result "1-0"]
[Termination "normal"]
[Board "3.4"]
[WhiteElo "2016"]
[BlackElo "1468"]
[WhiteTeam "FSV Großenseebach"]
[BlackTeam "TSG Apolda"]
[PlyCount "85"]
[WhiteFideId "24605786"]
[EventCountry "GER"]
[EventRounds "7"]
[EventType "team-swiss"]
[EventDate "2003.12.26"]

1. d4 Nf6 2. c4 g6 3. Nf3 Bg7 4. Nc3 O-O 5. e4 d6 6. Bd3 Nbd7 7. O-O e5 8. d5
Ne8 9. b4 a5 10. bxa5 Rxa5 11. Qc2 Nc5 12. Be2 Bd7 13. Be3 b6 14. Nd2 f5 15.
Bxc5 bxc5 16. a4 f4 17. Rfb1 g5 18. Rb7 Rf6 19. h3 Bf8 20. Qd1 Ng7 21. Bg4 Be8
22. Rab1 Ra8 23. Nb5 Rf7 24. Na7 h5 25. Bf3 Re7 26. a5 Bd7 27. Nc6 Bxc6 28.
dxc6 Ne6 29. Bxh5 Nd4 30. Qa4 Rh7 31. Bg4 Qe8 32. Bd7 Qd8 33. a6 Ne2+ 34. Kf1
Nc3 35. Qa3 Nxb1 36. Nxb1 f3 37. a7 fxg2+ 38. Kxg2 Rxd7 39. cxd7 Qxd7 40. Rb8
Qc6 41. Nc3 Kg7 42. f3 Kg6 43. Nd5 1-0

[Event "DVM U16 2003"]
[Site "Greifswald GER"]
[Date "2003.12.29"]
[Round "5"]
[White "Papaioannou, Dimitri"]
[Black "Seiler, Sascha"]
[Result "1/2-1/2"]
[Termination "normal"]
[Board "4.1"]
[WhiteElo "1922"]
[BlackElo "1877"]
[WhiteTeam "SF Köln-Mülheim"]
[BlackTeam "Heilbronner SV"]
[PlyCount "56"]
[WhiteFideId "24673170"]
[BlackFideId "24630594"]
[EventCountry "GER"]
[EventRounds "7"]
[EventType "team-swiss"]
[EventDate "2003.12.26"]

1. e4 c5 2. Nf3 d6 3. d4 cxd4 4. Nxd4 Nf6 5. Nc3 a6 6. Be3 e6 7. f3 b5 8. Qd2
Nbd7 9. a4 b4 10. Na2 d5 11. Nxb4 dxe4 12. Be2 Bb7 13. O-O Qc7 14. f4 Nb6 15.
c4 Bc5 16. Nbc2 Rd8 17. Qc3 O-O 18. b4 Be7 19. Qb3 Rc8 20. Na3 Rfd8 21. Rfd1
Nbd7 22. Rac1 Rb8 23. Ndb5 axb5 24. cxb5 Bd5 25. Rxd5 Qxc1+ 26. Bxc1 Nxd5 27.
Bd2 e3 28. Be1 Nxf4 1/2-1/2

[Event "DVM U16 2003"]
[Site "Greifswald GER"]
[Date "2003.12.29"]
[Round "5"]
[White "Luo, Xingping"]
[Black "Krug, Kevin"]
[Result "1/2-1/2"]
[Termination "normal"]
[Board "4.2"]
[WhiteElo "1495"]
[BlackElo "1946"]
[WhiteTeam "Heilbronner SV"]
[BlackTeam "SF Köln-Mülheim"]
[PlyCount "60"]
[BlackFideId "24609110"]
[EventCountry "GER"]
[EventRounds "7"]
[EventType "team-swiss"]
[EventDate "2003.12.26"]

1. e4 Nc6 2. Nf3 f5 3. exf5 d5 4. d4 Bxf5 5. Bb5 e6 6. O-O Bd6 7. Nbd2 Nf6 8.
c4 O-O 9. c5 Be7 10. Bxc6 bxc6 11. Ne5 Qe8 12. Ndf3 Ng4 13. h3 Nxe5 14. Nxe5
Bf6 15. Bf4 Bxe5 16. Bxe5 Qg6 17. Bg3 h5 18. Kh2 Rab8 19. Qd2 Rb7 20. Rac1 Rfb8
21. b3 Rf8 22. Rc3 Be4 23. Rg1 Rbb8 24. Bxc7 Rb7 25. Bd6 Rf6 26. Be5 Rff7 27.
f3 Bf5 28. Re3 Qg5 29. Qe2 Qd8 30. Re1 h4 1/2-1/2

[Event "DVM U16 2003"]
[Site "Greifswald GER"]
[Date "2003.12.29"]
[Round "5"]
[White "Krutwig, Longlong"]
[Black "Witte, Stefan"]
[Result "1-0"]
[Termination "normal"]
[Board "4.3"]
[WhiteElo "1928"]
[BlackElo "1470"]
[WhiteTeam "SF Köln-Mülheim"]
[BlackTeam "Heilbronner SV"]
[PlyCount "81"]
[WhiteFideId "24629979"]
[EventCountry "GER"]
[EventRounds "7"]
[EventType "team-swiss"]
[EventDate "2003.12.26"]

1. d4 Nf6 2. Nf3 d5 3. Bf4 e6 4. e3 Bd6 5. c3 O-O 6. Bd3 Nc6 7. O-O Re8 8. Nbd2
e5 9. dxe5 Nxe5 10. Nxe5 Bxe5 11. Bg5 Bxh2+ 12. Kxh2 Ng4+ 13. Qxg4 Bxg4 14.
Bxd8 Raxd8 15. Kg3 h5 16. Rh1 g6 17. Rae1 c5 18. f3 Be6 19. Rh4 c4 20. Bc2 b5
21. Rd1 Rd7 22. Rd4 Red8 23. Kf4 Kg7 24. a4 a6 25. axb5 axb5 26. e4 f6 27. Ke3
Kf7 28. exd5 Rxd5 29. Ne4 Ke7 30. Nc5 Re5+ 31. Be4 Rc8 32. Nxe6 Rxe6 33. Rd7+
Ke8 34. Kf4 f5 35. Rh7 Rf6 36. Bd5 Rf8 37. Bf7+ Ke7 38. Bxg6+ Ke6 39. Re1+ Kd6
40. Bxf5 Rc5 41. Re6+ 1-0

[Event "DVM U16 2003"]
[Site "Greifswald GER"]
[Date "2003.12.29"]
[Round "5"]
[White "Geshnizjani, Ramin"]
[Black "Kanevski, Vladyslav"]
[Result "0-1"]
[Termination "normal"]
[Board "4.4"]
[WhiteElo "1641"]
[BlackElo "1672"]
[WhiteTeam "Heilbronner SV"]
[BlackTeam "SF Köln-Mülheim"]
[PlyCount "90"]
[WhiteFideId "24633089"]
[BlackFideId "1270581"]
[EventCountry "GER"]
[EventRounds "7"]
[EventType "team-swiss"]
[EventDate "2003.12.26"]

1. e4 c5 2. Nf3 e6 3. d4 cxd4 4. Nxd4 Nf6 5. Nc3 Nc6 6. Ndb5 Bb4 7. a3 Bxc3+ 8.
Nxc3 O-O 9. Be2 a6 10. O-O Qc7 11. Be3 b5 12. f4 d6 13. Bf3 Bb7 14. Qe2 Na5 15.
f5 Rfe8 16. fxe6 Rxe6 17. Nd5 Nxd5 18. exd5 Re5 19. Qf2 Nc4 20. Bd4 Rg5 21. h4
Rf5 22. Qg3 Ne5 23. Be4 Rxf1+ 24. Rxf1 Re8 25. Rf5 Ng6 26. Bd3 Qe7 27. h5 Ne5
28. Bxe5 dxe5 29. Rg5 f6 30. d6 Qf7 31. Bg6 hxg6 32. Rxg6 Be4 33. d7 Qxd7 34.
Rxf6 Qd1+ 35. Rf1 Qxh5 36. Qb3+ Kh8 37. a4 Qg4 38. Qh3+ Qxh3 39. gxh3 Bxc2 40.
axb5 axb5 41. Rf7 e4 42. Kf2 Bd3 43. Ke3 Rc8 44. Re7 Rc2 45. b4 Rb2 0-1

[Event "DVM U16 2003"]
[Site "Greifswald GER"]
[Date "2003.12.29"]
[Round "5"]
[White "Baldauf, Marco"]
[Black "von der Ahé, Florian"]
[Result "1-0"]
[Termination "normal"]
[Board "5.1"]
[WhiteElo "2131"]
[BlackElo "1675"]
[WhiteTeam "SG Pang/Rosenheim"]
[BlackTeam "Rochade Kuppenheim"]
[PlyCount "51"]
[WhiteFideId "4688210"]
[BlackFideId "12970506"]
[EventCountry "GER"]
[EventRounds "7"]
[EventType "team-swiss"]
[EventDate "2003.12.26"]

1. e4 c5 2. Nf3 Nc6 3. d4 cxd4 4. Nxd4 e5 5. Nb5 a6 6. Nd6+ Bxd6 7. Qxd6 Qf6 8.
Qd1 Qg6 9. Nc3 Nge7 10. h4 h5 11. Bg5 b5 12. Qd3 f5 13. f3 f4 14. O-O-O Nd4 15.
Bxe7 Kxe7 16. Nd5+ Kf7 17. c3 Ne6 18. Nb6 Ra7 19. Qd6 Rc7 20. Qxe5 Rd8 21. Nd5
Rc5 22. Qd6 Bb7 23. Qe7+ Kg8 24. Qxd8+ Nxd8 25. Ne7+ Kf7 26. Nxg6 1-0

[Event "DVM U16 2003"]
[Site "Greifswald GER"]
[Date "2003.12.29"]
[Round "5"]
[White "Mrinski, Evgenij"]
[Black "Lindenberg, Georg"]
[Result "1-0"]
[Termination "normal"]
[Board "5.2"]
[WhiteElo "1724"]
[BlackElo "1889"]
[WhiteTeam "Rochade Kuppenheim"]
[BlackTeam "SG Pang/Rosenheim"]
[PlyCount "85"]
[BlackFideId "24612170"]
[EventCountry "GER"]
[EventRounds "7"]
[EventType "team-swiss"]
[EventDate "2003.12.26"]

1. e4 c5 2. d3 e6 3. g3 d5 4. Nd2 Nf6 5. Bg2 Nc6 6. Ngf3 Be7 7. O-O O-O 8. Qe2
Rb8 9. a4 a6 10. c3 b5 11. axb5 axb5 12. Ne1 b4 13. f4 Qb6 14. g4 bxc3 15. bxc3
c4+ 16. Kh1 cxd3 17. Nxd3 dxe4 18. Nxe4 Nxe4 19. Bxe4 Bf6 20. Ba3 Bxc3 21. Rab1
Qxb1 22. Rxb1 Rxb1+ 23. Nc1 Bb7 24. Qc2 Rxc1+ 25. Qxc1 Bb4 26. Bxb4 Nxb4 27.
Bxb7 Nd5 28. Bxd5 exd5 29. Qc5 h6 30. Qxd5 Rb8 31. Kg2 Rc8 32. g5 hxg5 33. fxg5
g6 34. Kf3 Re8 35. Kg4 Rb8 36. Kf4 Re8 37. h4 Rb8 38. h5 gxh5 39. g6 Rf8 40.
Kg5 Kg7 41. Qd7 h4 42. Qe7 Kg8 43. Kh6 1-0

[Event "DVM U16 2003"]
[Site "Greifswald GER"]
[Date "2003.12.29"]
[Round "5"]
[White "Baldauf, Manuel"]
[Black "Stiefel, Michael"]
[Result "1-0"]
[Termination "normal"]
[Board "5.3"]
[WhiteElo "1658"]
[BlackElo "1842"]
[WhiteTeam "SG Pang/Rosenheim"]
[BlackTeam "Rochade Kuppenheim"]
[PlyCount "165"]
[WhiteFideId "4648528"]
[BlackFideId "24608556"]
[EventCountry "GER"]
[EventRounds "7"]
[EventType "team-swiss"]
[EventDate "2003.12.26"]

1. e4 c5 2. Nf3 e6 3. d4 cxd4 4. Nxd4 a6 5. c4 Nf6 6. Nc3 Qc7 7. a3 Be7 8. Be2
O-O 9. Be3 d6 10. O-O Nbd7 11. Rc1 b6 12. f3 Bb7 13. b4 Rac8 14. Nb3 Qb8 15.
Qd2 Rfd8 16. Bf4 Ne5 17. Na4 Ba8 18. Be3 Nfd7 19. Rfd1 h6 20. Qd4 Nc6 21. Qd2
Re8 22. Bf1 Nce5 23. Qd4 Nc6 24. Qd2 Nce5 25. Qf2 Bd8 26. Qd2 Bc7 27. Rb1 Rcd8
28. Qc2 Ng6 29. Kh1 Bc6 30. Nb2 Nf6 31. g3 Qa8 32. Bg2 d5 33. Nd2 Ne5 34. b5
Bb7 35. cxd5 Qb8 36. dxe6 Rxe6 37. Ndc4 axb5 38. Rxd8+ Bxd8 39. Nxe5 Qxe5 40.
Rd1 Qb8 41. Bf4 Qa8 42. Qd3 Be7 43. Qxb5 Qxa3 44. Nc4 Qc5 45. Qxc5 Bxc5 46. Be3
Bxe3 47. Nxe3 Kf8 48. Kg1 g6 49. Rc1 Rc6 50. Rxc6 Bxc6 51. Kf2 Ke7 52. Nc4 Nd7
53. Ke3 Ba4 54. Kd4 Bb3 55. Ne3 Ke6 56. f4 b5 57. Bh3+ Kd6 58. e5+ Kc6 59.
Bxd7+ Kxd7 60. Kc5 Ba4 61. Nd5 h5 62. Nc3 Bc2 63. Nxb5 Ke8 64. Nd4 Bd3 65. Kd5
Bf1 66. Nc6 Kd7 67. Nb4 Bg2+ 68. Kc5 Ke6 69. Kd4 Kf5 70. Nc2 Bf3 71. Ne3+ Ke6
72. h3 Bb7 73. g4 hxg4 74. hxg4 Bf3 75. f5+ gxf5 76. gxf5+ Ke7 77. Nd5+ Kd7 78.
Kc5 Ke8 79. Kd6 Bg2 80. Nf6+ Kd8 81. e6 fxe6 82. fxe6 Bc6 83. Kxc6 1-0

[Event "DVM U16 2003"]
[Site "Greifswald GER"]
[Date "2003.12.29"]
[Round "5"]
[White "Schneider, Olaf"]
[Black "Häußler, Philipp"]
[Result "1-0"]
[Termination "normal"]
[Board "5.4"]
[WhiteElo "1410"]
[BlackElo "1705"]
[WhiteTeam "Rochade Kuppenheim"]
[BlackTeam "SG Pang/Rosenheim"]
[PlyCount "137"]
[EventCountry "GER"]
[EventRounds "7"]
[EventType "team-swiss"]
[EventDate "2003.12.26"]

1. e4 e6 2. d4 d5 3. exd5 exd5 4. c4 Nf6 5. Nc3 Be7 6. Nf3 O-O 7. Be2 c6 8. O-O
h6 9. Re1 Be6 10. c5 b6 11. Be3 Nbd7 12. b4 Qc7 13. Qc1 bxc5 14. bxc5 Qa5 15.
Bd2 Qd8 16. Rb1 Bf5 17. Rb2 Ne4 18. Bf4 Qc8 19. Bd3 Ndf6 20. Bxe4 Nxe4 21. Nxe4
Bxe4 22. Nd2 Qf5 23. Nxe4 dxe4 24. Rbe2 Bf6 25. Rxe4 Qd5 26. Qd2 Rfd8 27. Bd6
Rxd6 28. cxd6 Qxd6 29. Re8+ Rxe8 30. Rxe8+ Kh7 31. Re4 c5 32. d5 Bd4 33. Qd3 g6
34. Qc4 Qb6 35. Re1 Qf6 36. Rf1 Kg7 37. Kh1 h5 38. Qd3 Qe5 39. Qf3 Qe7 40. Qg3
Qe2 41. Rb1 Qxa2 42. Qb3 Qxf2 43. d6 Qf4 44. d7 Qd6 45. Qb7 a5 46. Rd1 Qe7 47.
Qc8 Qe2 48. Rb1 Qe4 49. Qb7 Qe7 50. Qd5 Bf6 51. Rd1 Qd8 52. Qxc5 Be7 53. Qxe7
Qxe7 54. d8=Q Qe2 55. Qd3 Qe6 56. Qc3+ Kh7 57. Qxa5 Qe2 58. Qd2 Qe6 59. Qf2 Kg7
60. h3 Qb3 61. Re1 Qb7 62. Qd4+ Kh7 63. Re8 Qb1+ 64. Kh2 g5 65. Qe4+ Qxe4 66.
Rxe4 Kg6 67. Ra4 f6 68. Kg3 h4+ 69. Kf3 1-0

[Event "DVM U16 2003"]
[Site "Greifswald GER"]
[Date "2003.12.29"]
[Round "5"]
[White "Ehrhardt, Eric"]
[Black "Strohhäker, Raoul"]
[Result "0-1"]
[Termination "normal"]
[Board "6.1"]
[WhiteElo "2060"]
[BlackElo "2106"]
[WhiteTeam "SG Turm Leipzig"]
[BlackTeam "SF Conweiler"]
[PlyCount "60"]
[WhiteFideId "24602450"]
[BlackFideId "4687400"]
[EventCountry "GER"]
[EventRounds "7"]
[EventType "team-swiss"]
[EventDate "2003.12.26"]

1. e4 c5 2. d4 cxd4 3. c3 dxc3 4. Nxc3 e6 5. Nf3 Nc6 6. Bc4 Bb4 7. O-O Nf6 8.
Qe2 O-O 9. Rd1 Bxc3 10. bxc3 d5 11. Bg5 Qa5 12. e5 Ne4 13. Bd3 Nxc3 14. Qe3 Qb6
15. Qf4 Qb4 16. Qg3 Ne4 17. Qh3 Nxg5 18. Nxg5 h6 19. Nf3 Qf4 20. Re1 f6 21. g3
Qb4 22. Qh5 fxe5 23. Nxe5 Nxe5 24. Qxe5 Qd2 25. Be2 Bd7 26. Red1 Qg5 27. Qc7
Bc6 28. Rac1 Rac8 29. Qd6 e5 30. Qa3 a6 0-1

[Event "DVM U16 2003"]
[Site "Greifswald GER"]
[Date "2003.12.29"]
[Round "5"]
[White "Strohhäker, Ralph"]
[Black "Schumacher, Markus"]
[Result "1-0"]
[Termination "normal"]
[Board "6.2"]
[WhiteElo "2131"]
[BlackElo "1629"]
[WhiteTeam "SF Conweiler"]
[BlackTeam "SG Turm Leipzig"]
[PlyCount "49"]
[WhiteFideId "4693426"]
[EventCountry "GER"]
[EventRounds "7"]
[EventType "team-swiss"]
[EventDate "2003.12.26"]

1. c4 c5 2. Nc3 Nf6 3. g3 e6 4. Bg2 d5 5. cxd5 exd5 6. d3 Be6 7. Nf3 Nc6 8. O-O
Qd7 9. Ng5 Be7 10. Nxe6 fxe6 11. e4 O-O 12. f4 d4 13. Ne2 e5 14. fxe5 Nxe5 15.
Nf4 b5 16. Bh3 Qc6 17. Ne6 Rfe8 18. Bf4 Bd6 19. Bh6 Bb8 20. Nxg7 Nfd7 21. Nxe8
Qxh6 22. Bxd7 Nxd7 23. Qg4+ Kh8 24. Qxd7 Bxg3 25. hxg3 1-0

[Event "DVM U16 2003"]
[Site "Greifswald GER"]
[Date "2003.12.29"]
[Round "5"]
[White "Jänig, Philipp"]
[Black "Augner, Björn"]
[Result "0-1"]
[Termination "normal"]
[Board "6.3"]
[WhiteElo "1494"]
[BlackElo "1759"]
[WhiteTeam "SG Turm Leipzig"]
[BlackTeam "SF Conweiler"]
[PlyCount "58"]
[EventCountry "GER"]
[EventRounds "7"]
[EventType "team-swiss"]
[EventDate "2003.12.26"]

1. e4 e6 2. d4 d5 3. Be3 Nf6 4. Nd2 Be7 5. Ne2 Nxe4 6. Nxe4 dxe4 7. Ng3 f5 8.
c3 Nd7 9. Bc4 Nb6 10. Bb3 c6 11. Qc2 Qc7 12. Bd2 Bd7 13. O-O-O O-O-O 14. Rde1
Nd5 15. Ne2 g5 16. g4 h5 17. h3 hxg4 18. hxg4 Nf4 19. Bxf4 gxf4 20. gxf5 exf5
21. d5 cxd5 22. Bxd5 Qc5 23. Qb3 Qb5 24. Qxb5 Bxb5 25. Be6+ Bd7 26. Nd4 Bxe6
27. Nxe6 Rxh1 28. Rxh1 Rd6 29. Nxf4 Bg5 0-1

[Event "DVM U16 2003"]
[Site "Greifswald GER"]
[Date "2003.12.29"]
[Round "5"]
[White "Dietenbach, Ingo"]
[Black "Ebert, Andreas"]
[Result "1/2-1/2"]
[Termination "normal"]
[Board "6.4"]
[WhiteElo "1361"]
[BlackElo "1624"]
[WhiteTeam "SF Conweiler"]
[BlackTeam "SG Turm Leipzig"]
[PlyCount "76"]
[EventCountry "GER"]
[EventRounds "7"]
[EventType "team-swiss"]
[EventDate "2003.12.26"]

1. e4 e6 2. d4 d5 3. Nc3 Nf6 4. e5 Nfd7 5. Nf3 c5 6. Be3 a6 7. Na4 cxd4 8. Bxd4
Nc6 9. a3 Qa5+ 10. Nc3 Qc7 11. Be2 Ndxe5 12. O-O Be7 13. Re1 Nxf3+ 14. Bxf3
Nxd4 15. Qxd4 Bf6 16. Nxd5 Qd8 17. Nxf6+ Qxf6 18. Qxf6 gxf6 19. Be4 Ra7 20. c4
b6 21. b4 Bb7 22. Rac1 Ke7 23. c5 bxc5 24. Rxc5 Bxe4 25. Rxe4 Rd8 26. h3 Rd3
27. Ra5 Kd6 28. b5 Kc7 29. Rxa6 Rxa6 30. bxa6 Rxa3 31. Rh4 h5 32. Rxh5 Kd6 33.
h4 Rxa6 34. Rb5 Ke7 35. h5 f5 36. Rb8 e5 37. Rb5 Rh6 38. Rxe5+ Kf6 1/2-1/2

[Event "DVM U16 2003"]
[Site "Greifswald GER"]
[Date "2003.12.29"]
[Round "5"]
[White "Busch, Dean"]
[Black "Hoffmann, Udo"]
[Result "0-1"]
[Termination "normal"]
[Board "7.1"]
[WhiteElo "1800"]
[BlackElo "2138"]
[WhiteTeam "SV 1932 Wermelskirchen"]
[BlackTeam "SF 74 Heinsberg"]
[PlyCount "54"]
[BlackFideId "24605735"]
[EventCountry "GER"]
[EventRounds "7"]
[EventType "team-swiss"]
[EventDate "2003.12.26"]

1. e4 c5 2. Nf3 Nc6 3. d4 cxd4 4. Nxd4 Nf6 5. Nc3 e5 6. Ndb5 d6 7. Bg5 a6 8.
Na3 b5 9. Nd5 Be7 10. Nxe7 Nxe7 11. f3 d5 12. exd5 Nexd5 13. c4 bxc4 14. Nxc4
O-O 15. Be2 Qc7 16. Rc1 Bf5 17. O-O Rfd8 18. Qe1 Rab8 19. b3 Nf4 20. Rf2 Rbc8
21. Bf1 h6 22. Bxf4 exf4 23. Rd1 Qc5 24. Rxd8+ Rxd8 25. Qe5 Qxe5 26. Nxe5 Rd1
27. h3 Nh5 0-1

[Event "DVM U16 2003"]
[Site "Greifswald GER"]
[Date "2003.12.29"]
[Round "5"]
[White "van Orsouw, Niclas"]
[Black "Nurovic, Semir"]
[Result "1/2-1/2"]
[Termination "normal"]
[Board "7.2"]
[WhiteElo "1645"]
[BlackElo "1500"]
[WhiteTeam "SF 74 Heinsberg"]
[BlackTeam "SV 1932 Wermelskirchen"]
[PlyCount "93"]
[EventCountry "GER"]
[EventRounds "7"]
[EventType "team-swiss"]
[EventDate "2003.12.26"]

1. e4 c5 2. Nc3 d6 3. g3 Nc6 4. Bg2 g6 5. d3 e6 6. Be3 Bg7 7. Qd2 Nge7 8. Nf3
Rb8 9. Bh6 O-O 10. h4 b5 11. h5 f6 12. hxg6 hxg6 13. O-O-O Bxh6 14. Rxh6 b4 15.
Rdh1 Kf7 16. Rh7+ Ke8 17. Rh8 Kd7 18. Rxf8 Qxf8 19. Ne2 e5 20. Nh4 a5 21. f4 a4
22. Rf1 Qg8 23. Kb1 b3 24. cxb3 axb3 25. a3 Ba6 26. fxe5 fxe5 27. Rf6 Qg7 28.
Bh3+ Kc7 29. Rf2 Nd4 30. Nxd4 exd4 31. Be6 Rf8 32. Rxf8 Qxf8 33. Bxb3 Qf1+ 34.
Kc2 Nc6 35. Nxg6 Qg1 36. Nf4 Qxg3 37. Bd5 Kd7 38. Bxc6+ Kxc6 39. Nd5 Qf3 40. a4
Qf1 41. b4 Bc8 42. b5+ Kb7 43. Qd1 Qf2+ 44. Kb3 Bd7 45. Qc2 Qe1 46. Kb2 Be6 47.
Ka2 1/2-1/2

[Event "DVM U16 2003"]
[Site "Greifswald GER"]
[Date "2003.12.29"]
[Round "5"]
[White "Wirths, Clara"]
[Black "Vieten, Florian"]
[Result "1-0"]
[Termination "normal"]
[Board "7.3"]
[WhiteElo "1508"]
[BlackElo "1538"]
[WhiteTeam "SV 1932 Wermelskirchen"]
[BlackTeam "SF 74 Heinsberg"]
[PlyCount "69"]
[WhiteFideId "24632597"]
[EventCountry "GER"]
[EventRounds "7"]
[EventType "team-swiss"]
[EventDate "2003.12.26"]

1. e4 d5 2. exd5 Nf6 3. d4 Nxd5 4. c4 Nb6 5. Nf3 Bg4 6. c5 Nd5 7. Qb3 b6 8. Ne5
c6 9. Nxg4 g6 10. Bc4 e6 11. O-O Bg7 12. Ne3 O-O 13. Rd1 Qh4 14. g3 Qe7 15.
Bxd5 exd5 16. cxb6 Nd7 17. bxa7 Rxa7 18. Nc2 Nf6 19. Re1 Qd7 20. Bf4 Qh3 21.
Qf3 Qf5 22. Ne3 Qc8 23. Nd2 Qb7 24. Nb3 Ne4 25. Qe2 g5 26. Be5 f6 27. f3 fxe5
28. fxe4 exd4 29. Nf5 Qb6 30. Nxg7 Kxg7 31. exd5 Raf7 32. Qe5+ Kh6 33. Qxd4 Qb5
34. Re6+ Kh5 35. g4+ 1-0

[Event "DVM U16 2003"]
[Site "Greifswald GER"]
[Date "2003.12.29"]
[Round "5"]
[White "Otten, Thomas"]
[Black "Fröhlich, Sebastian"]
[Result "1-0"]
[Termination "normal"]
[Board "7.4"]
[WhiteElo "1324"]
[BlackElo "1191"]
[WhiteTeam "SF 74 Heinsberg"]
[BlackTeam "SV 1932 Wermelskirchen"]
[PlyCount "97"]
[EventCountry "GER"]
[EventRounds "7"]
[EventType "team-swiss"]
[EventDate "2003.12.26"]

1. e4 d6 2. d4 Nf6 3. Nc3 g6 4. Be3 Bg7 5. Be2 O-O 6. h4 h5 7. f3 e5 8. d5 b6
9. g4 Ba6 10. Nb5 Qd7 11. c4 Rd8 12. gxh5 Nxh5 13. Qd2 c6 14. Nc3 cxd5 15. Nxd5
b5 16. cxb5 Ng3 17. Rh2 Bxb5 18. Bxb5 Qxb5 19. Kf2 Nh5 20. Nc7 Qb7 21. Nxa8
Qxa8 22. Qd5 Qxd5 23. exd5 Rd7 24. Rc1 Kh7 25. Nh3 f6 26. Kg1 Na6 27. a3 Bh6
28. Bxh6 Kxh6 29. Rhc2 Nc5 30. b4 Nd3 31. Rd1 Ndf4 32. Nxf4 Nxf4 33. Rc8 Kg7
34. Kf2 g5 35. hxg5 fxg5 36. Kg3 Kf6 37. Rd2 Rh7 38. Rh2 Rxh2 39. Kxh2 Nxd5 40.
Ra8 Kf5 41. Rxa7 g4 42. fxg4+ Kxg4 43. Rd7 Kf3 44. Rxd6 Nf4 45. Rf6 Kf2 46. b5
Ke3 47. b6 Nd5 48. Rf3+ Kxf3 49. b7 1-0

[Event "DVM U16 2003"]
[Site "Greifswald GER"]
[Date "2003.12.29"]
[Round "5"]
[White "Schneider, David"]
[Black "Luft, Dennis"]
[Result "1-0"]
[Termination "normal"]
[Board "8.1"]
[WhiteElo "2026"]
[BlackElo "1817"]
[WhiteTeam "SK Dicker Turm Münnerstadt"]
[BlackTeam "SF Brackel 30"]
[PlyCount "57"]
[WhiteFideId "4697111"]
[BlackFideId "24623717"]
[EventCountry "GER"]
[EventRounds "7"]
[EventType "team-swiss"]
[EventDate "2003.12.26"]

1. e4 e5 2. Nf3 Nc6 3. Bb5 a6 4. Ba4 Nf6 5. O-O b5 6. Bb3 Be7 7. Re1 d6 8. c3
Bg4 9. d3 O-O 10. Nbd2 Qd7 11. Nf1 Rad8 12. Ne3 Bh5 13. Nf5 Bg4 14. Ne3 Bh5 15.
h3 Rfe8 16. a4 Ra8 17. Nf5 b4 18. Bg5 a5 19. Kh2 Rab8 20. Rb1 Bg6 21. N3h4 Nd8
22. Nxe7+ Qxe7 23. Nf5 Qd7 24. Qf3 Ne6 25. Nxg7 Nxg7 26. Bxf6 Qc6 27. Rec1 Qb6
28. h4 Nh5 29. g4 1-0

[Event "DVM U16 2003"]
[Site "Greifswald GER"]
[Date "2003.12.29"]
[Round "5"]
[White "Heyden, Jonas"]
[Black "Krebs, Martin"]
[Result "0-1"]
[Termination "normal"]
[Board "8.2"]
[WhiteElo "1630"]
[BlackElo "1675"]
[WhiteTeam "SF Brackel 30"]
[BlackTeam "SK Dicker Turm Münnerstadt"]
[PlyCount "72"]
[WhiteFideId "24638510"]
[EventCountry "GER"]
[EventRounds "7"]
[EventType "team-swiss"]
[EventDate "2003.12.26"]

1. e4 c5 2. Nf3 d6 3. d4 cxd4 4. Nxd4 Nf6 5. Nc3 Nc6 6. Nb3 g6 7. f3 Bg7 8. Be3
Bd7 9. Qd2 Rc8 10. Bh6 O-O 11. O-O-O Na5 12. Nxa5 Qxa5 13. Bxg7 Kxg7 14. g4 b5
15. h4 b4 16. Nb1 Be6 17. Bd3 Bxa2 18. h5 Qc5 19. hxg6 fxg6 20. e5 Ng8 21. exd6
Qxd6 22. Qe3 Qf4 23. Qxf4 Rxf4 24. Nd2 Bd5 25. Rhf1 Rcf8 26. Be2 e6 27. Rg1 Ne7
28. Rg3 Nc6 29. Rf1 Ne5 30. Kd1 Nc4 31. Bxc4 Bxc4 32. Rh1 Kg8 33. Ke1 Bd5 34.
Kf2 Rc8 35. Ke3 Rf7 36. Kd3 Rd7 0-1

[Event "DVM U16 2003"]
[Site "Greifswald GER"]
[Date "2003.12.29"]
[Round "5"]
[White "Schneider, Raphael"]
[Black "Klug, Alexander"]
[Result "0-1"]
[Termination "normal"]
[Board "8.3"]
[WhiteElo "1628"]
[BlackElo "1704"]
[WhiteTeam "SK Dicker Turm Münnerstadt"]
[BlackTeam "SF Brackel 30"]
[PlyCount "92"]
[EventCountry "GER"]
[EventRounds "7"]
[EventType "team-swiss"]
[EventDate "2003.12.26"]

1. e4 e6 2. d4 d5 3. exd5 exd5 4. Nf3 Bg4 5. Be2 Nc6 6. O-O Qd7 7. Bf4 f6 8.
Nc3 O-O-O 9. h3 Be6 10. Nb5 Bd6 11. Bxd6 cxd6 12. a4 Nge7 13. c3 g5 14. b4 h5
15. Nh2 Rdg8 16. Bxh5 a6 17. Na3 Bxh3 18. gxh3 g4 19. Bxg4 f5 20. f3 Rxh3 21.
Kg2 fxg4 22. Nxg4 Rh6 23. Kf2 Rhg6 24. Ke1 Nf5 25. Nc2 Qe7+ 26. Kd2 Qg5+ 27.
Kd3 Nd8 28. Qc1 Qe7 29. Nce3 Nh4 30. Nxd5 Qf7 31. Ndf6 Rxf6 32. Nxf6 Qxf6 33.
Kc2 Rg3 34. Qe1 Rxf3 35. Rxf3 Nxf3 36. Qe2 Ng5 37. Rf1 Qg7 38. Qg4+ Kb8 39. Rg1
Ndf7 40. Qd7 Qh7+ 41. Kb3 Qg8 42. Ka3 Qc8 43. Qe7 Qxc3+ 44. Ka2 Qxd4 45. Qe8+
Ka7 46. Rb1 Ne5 0-1

[Event "DVM U16 2003"]
[Site "Greifswald GER"]
[Date "2003.12.29"]
[Round "5"]
[White "Schöttler, Richard"]
[Black "Thiem, Markus"]
[Result "1-0"]
[Termination "normal"]
[Board "8.4"]
[WhiteElo "1590"]
[BlackElo "1400"]
[WhiteTeam "SF Brackel 30"]
[BlackTeam "SK Dicker Turm Münnerstadt"]
[PlyCount "77"]
[EventCountry "GER"]
[EventRounds "7"]
[EventType "team-swiss"]
[EventDate "2003.12.26"]

1. e4 c5 2. Nf3 d6 3. d4 cxd4 4. Nxd4 Nc6 5. Nc3 g6 6. Be3 Bg7 7. Be2 Nf6 8.
Qd2 O-O 9. Nxc6 bxc6 10. Bh6 Qb6 11. Bxg7 Kxg7 12. b3 Bb7 13. h4 Qa5 14. f3 Nh5
15. g4 Ng3 16. Rh2 Nxe2 17. Rxe2 f6 18. f4 Rad8 19. b4 Qxb4 20. Rb1 Qc5 21. Re3
Ba6 22. Kf2 Qa5 23. Qd4 c5 24. Qd5 Rb8 25. Rxb8 Rxb8 26. Qe6 Qd8 27. g5 Rb2 28.
gxf6+ exf6 29. h5 Rxc2+ 30. Kg3 gxh5 31. f5 Kf8 32. Qb3 Rd2 33. Nd5 Kg7 34. Nf4
c4 35. Qc3 Kh6 36. Qxd2 Qg8+ 37. Kh2 Qg4 38. Ne6 c3 39. Rxc3+ 1-0

[Event "DVM U16 2003"]
[Site "Greifswald GER"]
[Date "2003.12.29"]
[Round "5"]
[White "Willert, Christof"]
[Black "Ihl, Thomas"]
[Result "0-1"]
[Termination "normal"]
[Board "9.1"]
[WhiteElo "1536"]
[BlackElo "1707"]
[WhiteTeam "Schachverein Gryps"]
[BlackTeam "SC Rochade Saarlouis 93"]
[PlyCount "80"]
[EventCountry "GER"]
[EventRounds "7"]
[EventType "team-swiss"]
[EventDate "2003.12.26"]

1. d4 Nf6 2. c4 c5 3. d5 e6 4. Nc3 exd5 5. cxd5 d6 6. e4 g6 7. f4 Bg7 8. Bb5+
Nfd7 9. Nf3 a6 10. Be2 b5 11. O-O O-O 12. Re1 Re8 13. Bf1 Nb6 14. h3 Bb7 15.
Qc2 N8d7 16. a4 b4 17. Nd1 a5 18. Ne3 Qc7 19. Nc4 Ba6 20. Nxb6 Nxb6 21. Bxa6
Rxa6 22. Be3 Raa8 23. Nd2 Rac8 24. Rab1 c4 25. Bxb6 Qxb6+ 26. Kh2 c3 27. bxc3
Rxc3 28. Qd1 Qd4 29. Nf3 Qxd1 30. Rbxd1 f6 31. Ra1 Rc4 32. Nd2 Rd4 33. Rad1 f5
34. Nb3 Rdxe4 35. Rxe4 Rxe4 36. g3 Re2+ 37. Kg1 Ra2 38. Nxa5 Rxa4 39. Nc4 b3
40. Nxd6 b2 0-1